000 00661cam a2200217 a 4500
001 000002093
005 20200929145829.0
008 881109s1989 nyu b 001 0 eng d
020 _a0805007512
040 _aDO-SdBNP
_beng
_cLC
_dBNPHU
082 _a895.68
_bK26t
100 1 _aKeene, Donald.
_96738
245 1 0 _aTravelers of a hundred ages /
_cDonald Keene.
260 _aNew York :
_bHenry Holt and Company,
_c1989.
300 _axi, 468 p. ;
_c24 cm.
504 _aBibliografías: p. 443-449.
650 4 _aDiarios japoneses
_xHistoria y crítica
_96739
650 4 _aLiteratura japonesa
_94301
910 _aCatalogación por copia / LC
049 _aBNGR
999 _c1953
_d1953